| 000 | 00445nam a2200169Ia 4500 | ||
|---|---|---|---|
| 008 | 230711s9999||||xx |||||||||||||| ||und|| | ||
| 020 | _a978-81-203-3593-6 | ||
| 041 | _aENG | ||
| 082 |
_a620.00452 _bNA-R |
||
| 100 | _aNaikan, V.N.A | ||
| 245 | 0 | _aReliability Engineering and Life Testing | |
| 250 | _a3rd Ed. | ||
| 260 |
_c2014 _aNew Delhi _bPHI Learning Private Limited |
||
| 300 | _a369p. | ||
| 650 | _aElectrical Engineering | ||
| 942 | _cBK | ||
| 999 |
_c6963 _d6963 |
||